Estadísticas para Países del Mundo con un Mapa Vacío

Haz click aquí para tomar la prueba!

Estadísticas generales

  • Esta prueba ha sido tomada 60.002 veces
  • La puntuación promedio es 140 de 196

Respuestas en el mapa

Las respuestas están codificadas por una escala verde-roja en el mapa de la prueba según el % correcto abajo.
Cargando...
 

Estadísticas de respuestas

País% Correcto
Canadá
97%
China
97%
Estados Unidos
97%
España
97%
Rusia
97%
Argentina
97%
Brasil
97%
México
97%
Francia
96%
Chile
95%
Colombia
95%
Italia
95%
Perú
95%
Alemania
95%
Paraguay
94%
Venezuela
94%
Bolivia
94%
Japón
94%
Australia
94%
Uruguay
94%
Ecuador
91%
Reino Unido
91%
Portugal
91%
India
91%
Egipto
90%
Suecia
90%
Suiza
89%
Cuba
89%
Panamá
89%
Sudáfrica
88%
Corea del Norte
87%
Corea del Sur
87%
Noruega
87%
Grecia
87%
Finlandia
86%
Irán
86%
Polonia
86%
Irak
85%
Turquía
85%
Marruecos
85%
Guyana
85%
Dinamarca
85%
Honduras
84%
Países Bajos
84%
Nueva Zelanda
84%
Irlanda
84%
Costa Rica
84%
Mongolia
83%
República del Congo
83%
República Democrática
del Congo
83%
Austria
83%
Guatemala
82%
Islandia
81%
Arabia Saudita
81%
Haití
80%
Nicaragua
80%
Níger
80%
República Dominicana
80%
Israel
80%
República Checa
80%
Argelia
80%
Ucrania
80%
Bélgica
80%
El Salvador
79%
Madagascar
79%
Lituania
79%
Croacia
79%
Estonia
78%
Pakistán
78%
Rumania
78%
Indonesia
78%
Afganistán
78%
Bielorrusia
77%
Hungría
77%
Surinam
76%
Tailandia
76%
Jamaica
75%
Andorra
75%
Kazajistán
75%
Eslovaquia
75%
Letonia
75%
Sudán
74%
Nigeria
74%
Vietnam
74%
Siria
73%
Libia
73%
Eslovenia
73%
Luxemburgo
73%
Filipinas
73%
Bulgaria
72%
Serbia
72%
Belice
72%
Etiopía
71%
Ciudad del Vaticano
71%
Kenia
71%
Angola
71%
Nepal
71%
Emiratos Árabes
Unidos
70%
Albania
70%
Chad
70%
Yemen
70%
Guinea
70%
Bosnia y Herzegovina
69%
Camerún
69%
Armenia
69%
Chipre
68%
Montenegro
67%
Omán
67%
Bahamas
67%
Macedonia del Norte
67%
Malasia
67%
Somalia
67%
Mónaco
66%
Malí
66%
Laos
66%
Malta
66%
Costa de Marfil
65%
Tanzania
65%
Catar
65%
Georgia
65%
Túnez
65%
Jordania
65%
Senegal
65%
Ghana
65%
Uzbekistán
65%
Taiwán
64%
Líbano
64%
Zambia
63%
Mozambique
63%
Sudán del Sur
63%
Moldavia
63%
Mauritania
63%
Camboya
63%
Uganda
63%
Azerbaiyán
62%
San Marino
62%
Sri Lanka
62%
Bangladés
62%
Kosovo
62%
República
Centroafricana
61%
Trinidad y Tobago
61%
Namibia
61%
Turkmenistán
60%
Togo
60%
Singapur
60%
Zimbabue
60%
Papua Nueva Guinea
60%
Myanmar
60%
Botsuana
60%
Bután
60%
Guinea Ecuatorial
60%
Lesoto
60%
Ruanda
59%
Barbados
59%
Liberia
58%
Antigua y Barbuda
58%
Cabo Verde
58%
Dominica
58%
Eritrea
58%
Burkina Faso
57%
Fiyi
57%
Kuwait
57%
Liechtenstein
57%
Sierra Leona
56%
Mauricio
56%
Kirguistán
56%
Maldivas
56%
Gabón
56%
Guinea-Bissau
55%
Tayikistán
54%
Benín
54%
Santa Lucía
54%
Gambia
54%
Malaui
54%
Estados Federados
de Micronesia
54%
Burundi
53%
Granada
53%
Suazilandia
53%
Seychelles
52%
Brunéi
51%
San Vicente y las
Granadinas
51%
Islas Marshall
51%
Islas Salomón
51%
Tonga
50%
Baréin
50%
Yibuti
49%
Kiribati
49%
San Cristóbal y Nieves
49%
Comoras
49%
Samoa
48%
Santo Tomé y Príncipe
48%
Tuvalu
48%
Palaos
48%
Vanuatu
47%
Nauru
46%
Timor Oriental
46%

Distribución de puntuación

Porcentaje por número respondido

Porcentaje de gente con cada puntuación

Historial de tus puntuaciones

No has tomado esta prueba